000 00748nam a2200217Ii 4500
003 JO-AjNU
008 230605s9999||||xx |||||||||||||| ||und||
017 _a2012/6/1846
020 _a978-9957-49-043-0
040 _aJO-AjNU
_bara
_erda
_cJO-AjNU
041 _aara
050 1 4 _aPJ7577.F7488 2013
100 3 _aفريحات، مريم جبر,
_eauthor
_945471
245 0 0 _aالبوليفونية في الرواية العربية ودراسات أخرى
264 3 1 _aعمان:وزارة الثقافة،2013
300 _a215ص
336 _atext
_btxt
_2rdacontent
337 _aunmediated
_bn
_2rdamedia
338 _avolume
_bnc
_2rdacarrier
650 4 _a القصة العربية-تاريخ ونقد-القرن العشرين
_945472
999 _aA19714
_c23282
_d23282